000 00634nam a22001937a 4500
005 20251108165527.0
008 250721s1992 xx 000 0 ara d
082 1 4 _aم/881/أرس
100 1 _aطاليس، أرسطو
245 1 0 _aكتاب أرسطو طاليس في الشعر /
264 1 _aالقاهرة :
_bالهيئة المصرية العامة للكتاب،
_c1992.
300 _a293ص
650 1 7 _aالشعر
650 1 7 _aاليونان
700 1 _aالقنائي، أبي بشر متى بن يونس
_eترجمة
700 1 _aعياد، شكري محمد
_eتحقيق
942 _2ddc
_cREF
999 _c29992
_d29992